000 00524 a2200157 4500
020 _a0070586853
082 _a658.404
090 _c7401
_d7401
100 _aPhillips, Joseph
245 _aPMP: Project Management Professional Study Guide
_cPhillips, Joseph
260 _aNew Delhi (India)
_bThe McGraw-Hill
_c2004
300 _axxxi, 600 p. ;
_bill. ;
_c25 cm.
500 _aIncludes index
650 _a1. Project management--examinations. 2. Electronic data processing personnel--certification.
942 _cBK
_k658.404 PHI
999 _c11204
_d11204